000 00551nam a2200193Ia 4500
005 20250326144903.0
008 250326s9999 xx 000 0 und d
020 _a0-7432-1551-6
037 _aTextbook
040 _aFMSL
_beng
_cFMSL
041 _aeng
_2eng
084 _aX:89Q P1
_qFMSL
100 _aSchonberger R J
_9742008
245 0 _aLets fix it: overcoming the crisis in manufacturing
_cSchonberger R J
260 _aNew York
_bNew York, Free
_c2001
300 _a293p
942 _cTB
_hX:89Q P1
999 _c1305478
_d1305478